• 首页
  • 本馆介绍
  • 公告通知
  • 最新文献
  • 馆藏检索
  • 电子资源
  • 读者导购
  • 参考咨询
  • 我的图书馆
  • 登录
  • 详细信息显示
  • 放入我的书架
  • 预约/预借图书
  • 作者相关作品
  • 分类相关作品
  • 丛书相关作品
  • 出版社相关作品

书目信息

  • 表格格式
  • 工作单格式
  • 卡片格式
题名:
北京地区暴雨、强对流天气分析与预报技术
    
 
作者: 孙明生 著
分册:  
出版信息: 北京   气象出版社  2012.07
页数: 228页
开本: 26cm
丛书名:
单 册:
中图分类: P426.62 , P425.8
科图分类:
主题词: 暴雨--天气分析--北京 , 暴雨--天气预报--北京 , 强对流天气--天气分析--北京 , 强对流天气--天气预报--北京 , 暴雨 , 天气分析 , 天气预报 , 强对流天气
电子资源:
ISBN: 978-7-5029-5516-8
000 01186nam0 2200349 450
001 006001229
005 20130609084006.18
010    @a978-7-5029-5516-8@dCNY48.00
035    @a006001229
100    @a20120824d2012 em y0chiy0110 ea
101 0  @achi
102    @aCN@b110000
105    @ay z 000yy
106    @ar
200 1  @a北京地区暴雨、强对流天气分析与预报技术@9bei jing di qu bao yu、 qiang dui liu tian qi fen xi yu yu bao ji shu@f孙明生[等]著
210    @a北京@c气象出版社@d2012.07
215    @a228页@d26cm
304    @a著者还有:高守亭、孙继松、易志安
330    @a本书包括暴雨和强对流天气分析预报两部分。暴雨部分介绍了北京地区暴雨气候特征、暴雨主要天气系统、典型个例分析等;强对流天气部分介绍了北京地区强对流天气气候特征、强对流天气主要天气系统、典型个例分析等。
606 0  @a暴雨@x天气分析@y北京
606 0  @a暴雨@x天气预报@y北京
606 0  @a强对流天气@x天气分析@y北京
606 0  @a强对流天气@x天气预报@y北京
606 0  @a暴雨
606 0  @a天气分析
606 0  @a天气预报
606 0  @a强对流天气
690    @aP426.62@v5
690    @aP425.8@v5
701  0 @a孙明生@9sun ming sheng@4著
801  0 @aCN@bNLC@c20120914
905    @dP426.62@e81
    
    北京地区暴雨、强对流天气分析与预报技术/孙明生[等]著.-北京:气象出版社,2012.07
    228页;26cm
    
    
    ISBN 978-7-5029-5516-8:CNY48.00
    本书包括暴雨和强对流天气分析预报两部分。暴雨部分介绍了北京地区暴雨气候特征、暴雨主要天气系统、典型个例分析等;强对流天气部分介绍了北京地区强对流天气气候特征、强对流天气主要天气系统、典型个例分析等。
●
相关链接 在E读中查询图书 在五车中查询图书 在当当中查询图书 在豆瓣中查询图书


正题名:北京地区暴雨、强对流天气分析与预报技术     索取号:P426.62/81         预约/预借

序号 登录号 条形码 馆藏地/架位号 状态 备注
1 0544278   205442788   第二样本阅览室/ [索取号:P426.62/81] 在馆    
2 0544279   205442797   第三借阅区/ [索取号:P426.62/81] 在馆    
3 0544280   205442804   第三借阅区/ [索取号:P426.62/81] 在馆    
4 0544281   205442813   第三借阅区/ [索取号:P426.62/81] 在馆    
5 0544282   205442822   第三借阅区/ [索取号:P426.62/81] 在馆    
唐山师范学院图书馆 欢迎您!
大连网信软件有限公司© 版权所有